[Event "Mogliano Veneto op-B 32nd"]
[Site "Mogliano Veneto"]
[Date "2011.04.29"]
[Round "1"]
[White "Pietrobon, Mirco"]
[Black "Tonolo, Maurizio"]
[Result "1-0"]
[WhiteElo "1603"]
[BlackElo "1788"]
[PlyCount "49"]
[EventDate "2011.04.29"]
[EventType "swiss"]
[EventRounds "5"]
[EventCountry "ITA"]
[SourceTitle "EXT 2024"]
[Source "ChessBase"]
[SourceDate "2023.10.10"]
[SourceVersion "1"]
[SourceVersionDate "2023.10.10"]
[SourceQuality "1"]

1. d4 d5 2. c4 e6 3. Nc3 Nf6 4. Nf3 Be7 5. e3 0-0 6. Bd3 b6 7. 0-0 dxc4 8. Bxc4 Bb7 9. Re1 c5 10. e4 cxd4 11. Qxd4 Qxd4 12. Nxd4 Rd8 13. Nf3 Nc6 14. Bg5 h6 15. Bxf6 gxf6 16. a3 Nd4 17. Nxd4 Rxd4 18. Bb3 a6 19. Rad1 Rad8 20. Rxd4 Rxd4 21. Rd1 Bc5 22. Bc2 Kf8 23. Kf1 Ke7 24. Ke2 Kd6 25. b4 1-0

[Event "Veneto-ch qf 63rd"]
[Site "Arqua Petrarca"]
[Date "2003.05.04"]
[Round "2.11"]
[White "Solinas, Carlo"]
[Black "Tonolo, Maurizio"]
[Result "1-0"]
[WhiteElo "2089"]
[BlackElo "1687"]
[PlyCount "86"]
[EventDate "2003.05.03"]
[EventType "swiss"]
[EventRounds "6"]
[EventCountry "ITA"]
[SourceTitle "EXT 2024"]
[Source "ChessBase"]
[SourceDate "2023.10.10"]
[SourceVersion "1"]
[SourceVersionDate "2023.10.10"]
[SourceQuality "1"]

1. e4 e6 2. d4 d5 3. Nc3 Nf6 4. e5 Nfd7 5. Qh5 c5 6. Nf3 g6 7. Qg4 cxd4 8. Bg5 Be7 9. Bxe7 Qxe7 10. Nb5 Kd8 11. 0-0-0 Nc6 12. Qf4 f6 13. exf6 Nxf6 14. Ne5 Rf8 15. Nxd4 Nxe5 16. Qxe5 Ng4 17. Qg3 Nxf2 18. Be2 Nxh1 19. Rxh1 a6 20. Rd1 Bd7 21. Qe5 Qf6 22. Qd6 Qf4+ 23. Qxf4 Rxf4 24. Nf3 Ke7 25. Ne5 Bb5 26. Bf3 Rc8 27. b3 a5 28. Re1 Kd6 29. Kb2 a4 30. c3 a3+ 31. Kc2 Be8 32. Nd3 Rf8 33. Kd2 e5 34. Nxe5 Bc6 35. Nd3 Rce8 36. Rf1 Bb5 37. Rc1 Bxd3 38. Kxd3 Re5 39. Rd1 Rfe8 40. Rd2 b5 41. Kc2 Kc5 42. b4+ Kd6 43. Kb3 Rc8 1-0

[Event "Mestre Sociale-ch"]
[Site "Mestre "]
[Date "2001.02.27"]
[Round "8"]
[White "Tonolo, Maurizio"]
[Black "Roberti, Ignazio"]
[Result "0-1"]
[WhiteElo "1500"]
[BlackElo "1751"]
[PlyCount "68"]
[EventDate "2001.01.15"]
[EventType "swiss"]
[EventRounds "10"]
[EventCountry "ITA"]
[SourceTitle "EXT 2005"]
[Source "ChessBase"]
[SourceDate "2004.11.15"]
[SourceVersion "1"]
[SourceVersionDate "2004.11.15"]
[SourceQuality "1"]

1. d4 f5 2. c4 Nf6 3. g3 g6 4. Bg2 Bg7 5. Nf3 0-0 6. 0-0 c6 7. Nc3 d5 8. cxd5 cxd5 9. Qb3 Nc6 10. Rd1 e6 11. Bf4 Ne8 12. Rac1 Nd6 13. Qc2 Ne4 14. Ne5 Nxe5 15. dxe5 Bd7 16. Bxe4 fxe4 17. Qd2 Bc6 18. h4 Qb6 19. e3 h5 20. Ne2 Rac8 21. Nd4 Bd7 22. Rxc8 Rxc8 23. Rc1 Bf8 24. Rxc8 Bxc8 25. Qe2 Bd7 26. g4 Be8 27. gxh5 gxh5 28. f3 Qc7 29. Nxe6 Qc1+ 30. Kh2 Kf7 31. fxe4 Kxe6 32. exd5+ Kxd5 33. Qf3+ Kc5 34. Qxb7 Qd2+ 0-1

[Event "Venice Salvioli op"]
[Site "Venice Sanudo"]
[Date "1999.03.14"]
[Round "5.4"]
[White "Tonolo, Maurizio"]
[Black "Trangoni, Bruno"]
[Result "1-0"]
[WhiteElo "1500"]
[BlackElo "1647"]
[PlyCount "99"]
[EventDate "1999.02.28"]
[EventType "swiss"]
[EventRounds "6"]
[EventCountry "ITA"]
[SourceTitle "EXT 2023"]
[Source "ChessBase"]
[SourceDate "2022.10.05"]
[SourceVersion "1"]
[SourceVersionDate "2022.10.05"]
[SourceQuality "1"]

1. c4 f5 2. d4 Nf6 3. Nc3 g6 4. Nf3 c6 5. Bf4 d6 6. Qc2 Bg7 7. e3 Qa5 8. Bd3 Nh5 9. Bg3 Na6 10. Qa4 Qb6 11. Qb3 Nb4 12. Be2 Nxg3 13. hxg3 c5 14. Na4 Qa5 15. 0-0 Bd7 16. Nc3 Rb8 17. a3 Na6 18. Qc2 0-0 19. Rfd1 Qd8 20. d5 Nc7 21. Rd2 Qe8 22. Rad1 b5 23. cxb5 Nxb5 24. Nxb5 Bxb5 25. Rb1 Bxe2 26. Rxe2 Qb5 27. Ng5 Bf6 28. Ne6 Rfc8 29. e4 fxe4 30. Qxe4 c4 31. Nd4 Qa4 32. Qe6+ Kf8 33. Nc6 Rxc6 34. dxc6 Qxc6 35. Qe4 d5 36. Qe3 d4 37. Qf4 Rc8 38. Rd1 Rc7 39. Re6 Qb7 40. g4 Kg7 41. g5 Bxg5 42. Qxg5 Kf8 43. Qe5 c3 44. Qh8+ Kf7 45. Qxh7+ Kf8 46. Rxg6 Ke8 47. Rg8+ Kd7 48. Qxe7+ Kc6 49. Rg6+ Kd5 50. Qe6+ 1-0

[Event "Venice Salvioli op"]
[Site "Venice Sanudo"]
[Date "1999.02.28"]
[Round "2.8"]
[White "Tonolo, Maurizio"]
[Black "Muradore, Aldo"]
[Result "0-1"]
[WhiteElo "1500"]
[BlackElo "1419"]
[PlyCount "103"]
[EventDate "1999.02.28"]
[EventType "swiss"]
[EventRounds "6"]
[EventCountry "ITA"]
[SourceTitle "EXT 2023"]
[Source "ChessBase"]
[SourceDate "2022.10.05"]
[SourceVersion "1"]
[SourceVersionDate "2022.10.05"]
[SourceQuality "1"]

1. c4 c5 2. Nc3 Nf6 3. Nf3 Nc6 4. d4 cxd4 5. Nxd4 d6 6. g3 Bd7 7. Bg2 g6 8. 0-0 Bg7 9. e4 0-0 10. Re1 Qc8 11. Nxc6 Bxc6 12. Nd5 Re8 13. Qc2 Nxd5 14. exd5 Bd7 15. Qb3 b6 16. Bf4 Bh3 17. Re2 Bxg2 18. Kxg2 Qc5 19. Rae1 Kf8 20. Be3 Qc8 21. Bf4 Qf5 22. Qa3 Qd7 23. Qd3 Bf6 24. h4 Qg4 25. Re4 Qf5 26. Bh6+ Bg7 27. Qd2 Qd7 28. h5 e5 29. hxg6 fxg6 30. Rh1 Bxh6 31. Qxh6+ Kg8 32. Reh4 Re7 33. Qg5 Rf8 34. Rh6 Ref7 35. Rf1 Rf5 36. Qd2 Rf3 37. b3 e4 38. Rhh1 Qf5 39. Qe2 Qg4 40. Qe1 g5 41. Rhg1 Re8 42. Rh1 e3 43. Qb1 Re4 44. Qd3 h5 45. Rxh5 e2 46. Rxg5+ Qxg5 47. Qxe4 exf1Q+ 48. Kxf1 Qf6 49. Qe2 Rf5 50. Kg2 Re5 51. Qd2 Qe7 52. Qh6 0-1